|
|
|
|
| LEADER |
01152nam a2200253 a 4500 |
| 001 |
GR-Patra7930 |
| 008 |
991022s1996 gr 000 1 gre|c |
| 020 |
|
|
|a 9600314608
|
| 040 |
|
|
|a GrPaTEI
|b gre
|c GR-PaULI
|
| 084 |
|
|
|a Μ
|
| 100 |
1 |
|
|a Bainbridge, Beryl,
|d 1932-2010.
|
| 240 |
1 |
0 |
|a Awfully big adventure.
|l Ελληνικά
|
| 245 |
1 |
0 |
|a Μια απίστευτα μεγάλη περιπέτεια /
|c Μπέριλ Μπέινμπριτζ ; μετάφραση Γιούρι Κοβαλένκο.
|
| 260 |
|
|
|a Αθήνα :
|b Καστανιώτης,
|c 1996.
|
| 300 |
|
|
|a 191 σ. ;
|c 21 εκ.
|
| 490 |
0 |
|
|a Το βιβλίο στον κινηματογράφο
|
| 500 |
|
|
|a Μετάφραση του: An awfully big adventure.
|
| 650 |
|
4 |
|a Μυθιστόρημα.
|
| 650 |
|
4 |
|a Ξένη λογοτεχνία.
|
| 700 |
1 |
|
|a Κοβαλένκο, Γιούρι Λ.,
|d 1939-1996
|e μεταφραστής.
|
| 942 |
|
|
|2 ddc
|
| 952 |
|
|
|0 0
|1 0
|2 ddc
|4 0
|6 Μ_BAI
|7 0
|9 289002
|a LISK
|b LISK
|c BSC
|d 2021-01-17
|e 24
|f 0
|g 0.00
|l 0
|o Μ BAI
|p 92410011295
|r 2021-01-17 00:00:00
|t 1
|w 2021-01-17
|y BK15
|x 19991024 0 1
|x GrPaTEI
|
| 971 |
|
|
|a .b26554458
|b 15-04-20
|c 23-09-16
|
| 999 |
|
|
|c 168638
|d 168638
|